| 000 | 01443nam a2200289 4500 | ||
|---|---|---|---|
| 003 | EC-UNACH | ||
| 005 | 20240712163927.0 | ||
| 006 | s||||gr|||| 00| 00 | ||
| 008 | 150116t9999 mx r gr 000 0 spa d | ||
| 020 | _a978-84-19480-70-5 | ||
| 040 |
_aEC-UNACH _cEC-UNACH |
||
| 041 | _aspa | ||
| 082 | 0 | 4 |
_223 _a330.9 _bL017213 |
| 100 | _aBustos Díaz, Javier. | ||
| 245 | _aHistoria Económica desde el imperialismo hasta el fin de la URSS. | ||
| 250 | _aPrimera Edición. | ||
| 264 |
_aMadrid, España. _bESIC Editorial. _c2023 |
||
| 300 |
_a165 páginas. _bImágenes, Gráficos, Tablas. _c21.5 centímetros. |
||
| 505 | _aIncluye: El desarrollo económico en los países exportadores de productos primarios.-- La economía en el período de entreguerras: Desde la Primera Guerra Mundial hasta el Crac del 29.-- Cinco formas de salir de la Gran Depresión: La respuesta a la crisis de Estados Unidos, Suecia, Gran Bretaña, Francia y Alemana.-- La economía internacional desde 1945: Los países desarrollados.-- La edad de oro y quiebra del capitalismo.-- Más allá de los países desarrollados: América Latina, África y Asia.-- La industrialización en los países atrasados de Europa: El caso Español. | ||
| 650 | _aECONOMÍA | ||
| 650 | _aCRISIS | ||
| 650 | _aMODELO SOCIALISTA | ||
| 942 |
_2ddc _c1 |
||
| 999 | _c13306 | ||